[Event "Barcelona Sant Marti op 05th"]
[Site "Barcelona"]
[Date "2003.06.21"]
[Round "9.22"]
[White "Ruiz Gallardo, Juan Jose"]
[Black "Santolaria, Xavier"]
[Result "1/2-1/2"]
[WhiteElo "1935"]
[BlackElo "1780"]
[PlyCount "52"]
[EventDate "2003.04.26"]
[EventType "swiss"]
[EventRounds "9"]
[EventCountry "ESP"]
[SourceTitle "EXT 2004"]
[Source "ChessBase"]
[SourceDate "2003.11.25"]
[SourceVersion "1"]
[SourceVersionDate "2003.11.25"]
[SourceQuality "1"]

1. d4 Nf6 2. c4 d6 3. Nc3 g6 4. e4 Bg7 5. f3 Nbd7 6. Be3 e5 7. d5 b6 8. Qd2 Nc5 9. Nge2 Bd7 10. Nc1 0-0 11. Nd3 c6 12. Be2 Ne8 13. 0-0-0 f5 14. Bh6 f4 15. Bxg7 Kxg7 16. Rdg1 Nf6 17. g3 Nh5 18. gxf4 Nxd3+ 19. Bxd3 Nxf4 20. Kb1 Rf6 21. Bc2 c5 22. h4 Rb8 23. h5 b5 24. hxg6 Rxg6 25. Rxg6+ hxg6 26. cxb5 Bxb5 1/2-1/2

[Event "Barcelona Sant Marti op 05th"]
[Site "Barcelona"]
[Date "2003.06.07"]
[Round "7.11"]
[White "Romero Berruezo, Francisco"]
[Black "Ruiz Gallardo, Juan Jose"]
[Result "1-0"]
[WhiteElo "2040"]
[BlackElo "1935"]
[PlyCount "42"]
[EventDate "2003.04.26"]
[EventType "swiss"]
[EventRounds "9"]
[EventCountry "ESP"]
[SourceTitle "EXT 2004"]
[Source "ChessBase"]
[SourceDate "2003.11.25"]
[SourceVersion "1"]
[SourceVersionDate "2003.11.25"]
[SourceQuality "1"]

1. e4 c5 2. Nc3 Nc6 3. g3 g6 4. Bg2 Bg7 5. d3 d6 6. f4 e6 7. Nf3 Nge7 8. 0-0 0-0 9. Ne2 f5 10. c3 b6 11. Qb3 Kh8 12. Ng5 Na5 13. Qc2 h6 14. exf5 hxg5 15. fxg5 Rxf5 16. Rxf5 exf5 17. Bxa8 Nac6 18. Nf4 Ba6 19. Nxg6+ Nxg6 20. Bxc6 Ne5 21. Bd5 Bxd3 1-0

[Event "Barcelona Sant Marti op 05th"]
[Site "Barcelona"]
[Date "2003.05.24"]
[Round "5.26"]
[White "Ruiz Gallardo, Juan Jose"]
[Black "Ramirez Castaneda, Andres"]
[Result "1-0"]
[WhiteElo "1935"]
[BlackElo "1700"]
[PlyCount "37"]
[EventDate "2003.04.26"]
[EventType "swiss"]
[EventRounds "9"]
[EventCountry "ESP"]
[SourceTitle "EXT 2004"]
[Source "ChessBase"]
[SourceDate "2003.11.25"]
[SourceVersion "1"]
[SourceVersionDate "2003.11.25"]
[SourceQuality "1"]

1. d4 d5 2. c4 Nf6 3. Nc3 dxc4 4. e4 Nxe4 5. Nxe4 Bf5 6. Nc3 e6 7. Bxc4 Bb4 8. Nf3 a5 9. a3 Bd6 10. Qb3 b6 11. d5 0-0 12. dxe6 Bxe6 13. Bxe6 fxe6 14. Qxe6+ Rf7 15. 0-0 Nd7 16. Ng5 Nc5 17. Qxf7+ Kh8 18. Qh5 h6 19. Nf7+ 1-0

[Event "Barcelona Sant Marti op 05th"]
[Site "Barcelona"]
[Date "2003.05.03"]
[Round "2.9"]
[White "Leiva Velasco, Antonio"]
[Black "Ruiz Gallardo, Juan Jose"]
[Result "1-0"]
[WhiteElo "2065"]
[BlackElo "1935"]
[PlyCount "73"]
[EventDate "2003.04.26"]
[EventType "swiss"]
[EventRounds "9"]
[EventCountry "ESP"]
[SourceTitle "EXT 2004"]
[Source "ChessBase"]
[SourceDate "2003.11.25"]
[SourceVersion "1"]
[SourceVersionDate "2003.11.25"]
[SourceQuality "1"]

1. e4 c5 2. Nf3 Nc6 3. d4 cxd4 4. Nxd4 Nf6 5. Nc3 e5 6. Ndb5 d6 7. Bg5 a6 8. Na3 b5 9. Bxf6 gxf6 10. Nd5 f5 11. Bd3 Be6 12. c3 Bg7 13. Qh5 f4 14. 0-0 Bxd5 15. exd5 Ne7 16. Rad1 Ng6 17. Nc2 Qh4 18. Qxh4 Nxh4 19. f3 Rg8 20. Bxh7 Rh8 21. Bd3 Rh5 22. g3 Rg5 23. Kf2 fxg3+ 24. hxg3 Nf5 25. Bxf5 Rxf5 26. Rde1 Kd7 27. Ne3 Rf6 28. Kg2 Rg6 29. Nf5 Bf6 30. Rh1 Rag8 31. Rh7 Bg7 32. g4 Ke8 33. Re4 Kf8 34. a4 Rh8 35. Rxh8+ Bxh8 36. axb5 axb5 37. Rb4 1-0

[Event "Barcelona Sant Marti op 05th"]
[Site "Barcelona"]
[Date "2003.04.26"]
[Round "1.41"]
[White "Ruiz Gallardo, Juan Jose"]
[Black "Orts Gonzalez, Rafael"]
[Result "1-0"]
[WhiteElo "1935"]
[BlackElo "1700"]
[PlyCount "103"]
[EventDate "2003.04.26"]
[EventType "swiss"]
[EventRounds "9"]
[EventCountry "ESP"]
[SourceTitle "EXT 2004"]
[Source "ChessBase"]
[SourceDate "2003.11.25"]
[SourceVersion "1"]
[SourceVersionDate "2003.11.25"]
[SourceQuality "1"]

1. d4 g6 2. c4 b6 3. Nc3 Bg7 4. e4 Nc6 5. Be3 Bb7 6. f3 e5 7. d5 Nd4 8. Nge2 c5 9. dxc6 dxc6 10. Qd2 Qh4+ 11. Bf2 Qd8 12. Rd1 Bh6 13. Qd3 Ba6 14. Nxd4 exd4 15. Qxd4 f6 16. Qxd8+ Rxd8 17. Rxd8+ Kxd8 18. Bd3 Bf8 19. b3 Ba3 20. 0-0 Ne7 21. Bd4 Bc5 22. Bxc5 bxc5 23. Na4 Kc7 24. Nxc5 Kb6 25. Nd7+ Ka5 26. Nxf6 h5 27. Rd1 Rd8 28. Bc2 Rxd1+ 29. Bxd1 Kb4 30. a4 Bc8 31. Kf1 a5 32. Ke2 Kc3 33. Ke3 c5 34. Nd5+ Nxd5+ 35. cxd5 h4 36. g3 h3 37. f4 c4 38. bxc4 Kxc4 39. Be2+ Kc5 40. g4 Bd7 41. Bd1 Kd6 42. Kd4 Be8 43. e5+ Kc7 44. f5 gxf5 45. gxf5 Bd7 46. f6 Kd8 47. e6 Be8 48. d6 Bd7 49. exd7 Kxd7 50. f7 Ke6 51. f8Q Kd7 52. Qe7+ 1-0